00983cam a22002535a 45000010009000000050017000090080041000260200018000670400033000850820019001181000014001372450104001512600057002553000035003125040051003476500047003986500048004456530025004937000019005187000025005379420008005629990017005709520142005871746811720161122112928.0120919t2013 flua frb 001 0 eng d a9781439850558 aDLCcDLCdDLCdEG-ScBUEbeng04a005.8222bLIM1 aLim, Ian.10aSecuring cloud and mobility :ba practitioner's guide /cIan Lim, E. Coleen Coolidge, Paul Hourani. aBoca Raton :bCRC Press / Taylor & Francis,cc.2013. axvii, 210 p. :bill. ;c24 cm. aIncludes bibliographical references and index. 7aCloud computingxSecurity measures.2BUEsh 7aMobile computingxSecurity measures.2BUEsh bCOMSCIcNovember20161 aHourani, Paul.1 aCoolidge, E. Coleen. 2ddc c23257d23229 00102ddc40708BaccahaMAINbMAINcLOWd2016-11-22ePurchaseg599.90h2000088l0o005.8 LIMp000034982r2025-07-15 00:00:00v749.88yBB